Southville International School and Colleges
Your cart is empty.
  • Cart
  • Lists
    Public lists Eva Luna New books Lux_list list_1
    Your lists Log in to create your own lists
  • Log in to your account
  • Your cookies
  • Search history
Southville International School and Colleges
  • Advanced search
  • Recent comments
  • Most popular
  • Libraries

Log in to your account

Log in with GOOGLE


If you do not have an external account, but do have a local account, you can still log in:

  1. Home
  2. MARC view: Jasper's beanstalk /
Normal view MARC view ISBD view

Jasper's beanstalk / (Record no. 102205)

[ view plain ]
MARC details
000 -LEADER
fixed length control field 00634nam a2200193 a 4500
005 - DATE AND TIME OF LATEST TRANSACTION
control field 20140412111232.0
008 - FIXED-LENGTH DATA ELEMENTS--GENERAL INFORMATION
fixed length control field 010522s19uu xx 00 eng d
020 ## - INTERNATIONAL STANDARD BOOK NUMBER
International Standard Book Number 0-689-81540-9
050 ## - LIBRARY OF CONGRESS CALL NUMBER
Classification number TR(PS E
Item number Ja31 1993
100 ## - MAIN ENTRY--PERSONAL NAME
Personal name Butterworth, Nick
245 ## - TITLE STATEMENT
Title Jasper's beanstalk /
Statement of responsibility, etc Nick Butterworth and Mick Inkpen.
250 ## - EDITION STATEMENT
Edition statement 1st American Ed.
260 ## - PUBLICATION, DISTRIBUTION, ETC. (IMPRINT)
Place of publication, distribution, etc [s.l.] :
Name of publisher, distributor, etc Aladdin Paperbacks,
Date of publication, distribution, etc 1993.
300 ## - PHYSICAL DESCRIPTION
Extent 1v. (unp.); ill.
520 ## - SUMMARY, ETC.
Summary, etc Japer hopes to grow a beanstalk, but becomes discouraged when the bean he plants doesn't grow after a week.
650 ## - SUBJECT ADDED ENTRY--TOPICAL TERM
Topical term or geographic name as entry element Beans-Fiction
650 ## - SUBJECT ADDED ENTRY--TOPICAL TERM
Topical term or geographic name as entry element Cats-Fiction
Holdings
Withdrawn status Lost status Damaged status Home library Current library Shelving location Date acquired Source of acquisition Cost, normal purchase price Total Checkouts Full call number Barcode Date last seen Price effective from Koha item type
      Elizalde Library Elizalde Library Teachers Reference Section 05/22/2001   199.50   TR(PS E Ja31 1993 E0830 04/12/2014 04/12/2014 Books

Jasper's beanstalk /

APA

Butterworth N., . (1993). Jasper's beanstalk. [s.l.]: Aladdin Paperbacks.

Chicago

Butterworth Nick, . 1993. Jasper's beanstalk. [s.l.]: Aladdin Paperbacks.

Harvard

Butterworth N., . (1993). Jasper's beanstalk. [s.l.]: Aladdin Paperbacks.

MLA

Butterworth Nick, . Jasper's beanstalk. [s.l.]: Aladdin Paperbacks. 1993.

  • Place hold
  • Print
  • Cite
  • Add to your cart (remove)
  • Save record
    BIBTEX Dublin Core MARCXML MARC (non-Unicode/MARC-8) MARC (Unicode/UTF-8) MARC (Unicode/UTF-8, Standard) MODS (XML) RIS
  • More searches
    Search for this title in:
    Other Libraries (WorldCat) Other Databases (Google Scholar) Online Stores (Bookfinder.com) Open Library (openlibrary.org)

Exporting to Dublin Core...

SOUTHVILLE LIBRARY

Southville International School and Colleges Library

1281 Tropical Ave. Cor. Luxembourg St., BF Homes International, Las Pinas City

Tel. No. 8256374 / 252358 Loc. 117/146

Powered by Koha